[Event "Russian Women's Higher League 2021"]
[Site "?"]
[Date "2021.07.04"]
[Round "8.10"]
[White "Dordzhieva, Dinara"]
[Black "Shafigullina, Zarina"]
[Result "1-0"]
[WhiteElo "2311"]
[BlackElo "2244"]
[Annotator ""]
[Source ""]
[Remark ""]

1.Nf3 {[%clk 1:30:53]} Nf6 {[%clk 1:30:34]} 2.g3 {[%clk 1:31:10]}
b6 {[%clk 1:30:38]} 3.Bg2 {[%clk 1:31:35]} Bb7 {[%clk 1:30:32]}
4.c4 {[%clk 1:31:55]} c5 {[%clk 1:30:46]} 5.O-O {[%clk 1:31:53]}
g6 {[%clk 1:30:43]} 6.b3 {[%clk 1:28:42]} Bg7 {[%clk 1:29:36]}
7.Bb2 {[%clk 1:29:09]} O-O {[%clk 1:29:15]} 8.d4 {[%clk 1:27:20]}
cxd4 {[%clk 1:29:24]} 9.Qxd4 {[%clk 1:27:39]} d6 {[%clk 1:26:00]}
10.Nc3 {[%clk 1:23:40]} Ne4 {[%clk 1:11:50]} 11.Qe3 {[%clk 1:23:34]}
Nc5 {[%clk 1:11:25]} 12.Rfd1 {[%clk 1:19:53]} Nbd7 {[%clk 1:06:42]}
13.Rac1 {[%clk 1:18:44]} Re8 {[%clk 1:05:00]} 14.Nd4 {[%clk 0:58:13]}
Bxg2 {[%clk 1:02:27]} 15.Kxg2 {[%clk 0:58:40]} Rc8 {[%clk 0:55:57]}
16.Nd5 {[%clk 0:51:49]} Nf6 {[%clk 0:43:25]} 17.Kg1 {[%clk 0:50:09]}
Ng4 {[%clk 0:41:26]} 18.Qf3 {[%clk 0:48:05]} Qd7 {[%clk 0:41:29]}
19.Qg2 {[%clk 0:39:13]} e6 {[%clk 0:34:42]} 20.Nc3 {[%clk 0:36:41]}
a6 {[%clk 0:34:25]} 21.h3 {[%clk 0:27:44]} Ne5 {[%clk 0:33:22]}
22.Rc2 {[%clk 0:25:17]} f5 {[%clk 0:26:12]} 23.Rcd2 {[%clk 0:23:23]}
Nf7 {[%clk 0:26:21]} 24.Nc2 {[%clk 0:16:56]} b5 {[%clk 0:26:23]}
25.Ne3 {[%clk 0:14:14]} Bxc3 {[%clk 0:13:37]} 26.Bxc3 {[%clk 0:14:37]}
Ne4 {[%clk 0:14:04]} 27.Rd3 {[%clk 0:11:50]} Nxc3 {[%clk 0:09:19]}
28.Rxc3 {[%clk 0:12:17]} d5 {[%clk 0:09:04]} 29.Rcd3 {[%clk 0:09:33]}
bxc4 {[%clk 0:05:53]} 30.bxc4 {[%clk 0:09:16]} Ne5 {[%clk 0:06:00]}
31.Rd4 {[%clk 0:09:41]} Nc6 {[%clk 0:05:57]} 32.R4d2 {[%clk 0:09:38]}
d4 {[%clk 0:06:02]} 33.Nc2 {[%clk 0:09:49]} e5 {[%clk 0:05:57]}
34.f4 {[%clk 0:04:13]} e4 {[%clk 0:04:57]} 35.Nxd4 {[%clk 0:04:15]}
Qa7 {[%clk 0:05:24]} 36.Kh2 {[%clk 0:03:43]} Na5 {[%clk 0:05:39]}
37.Nb3 {[%clk 0:02:22]} Nxc4 {[%clk 0:04:43]} 38.Rd7 {[%clk 0:02:48]}
Qe3 {[%clk 0:04:02]} 39.Kh1 {[%clk 0:01:12]} a5 {[%clk 0:02:06]}
40.Qg1 {[%clk 0:30:37]} a4 {[%clk 0:31:52]} 41.Nd4 {[%clk 0:27:25]}
Rcd8 {[%clk 0:08:34]} 42.Nc6 {[%clk 0:21:58]} Rxd7 {[%clk 0:08:57]}
43.Rxd7 {[%clk 0:22:21]} Qxg1+ {[%clk 0:06:17]} 44.Kxg1 {[%clk 0:22:45]}
Re6 {[%clk 0:06:39]} 45.Ne7+ {[%clk 0:20:25]} Kf8 {[%clk 0:05:51]}
46.Nd5 {[%clk 0:20:51]} Rd6 {[%clk 0:04:52]} 47.Rxd6 {[%clk 0:11:58]}
Nxd6 {[%clk 0:05:20]} 48.Nb6 {[%clk 0:12:25]} a3 {[%clk 0:05:45]}
49.Kf2 {[%clk 0:12:51]} Ke7 {[%clk 0:04:31]} 50.Ke3 {[%clk 0:13:18]}
Nb5 {[%clk 0:04:48]} 51.Kd2 {[%clk 0:06:52]} Kd6 {[%clk 0:05:02]}
52.Nc4+ {[%clk 0:04:16]} Kc5 {[%clk 0:05:25]} 53.Ne5 {[%clk 0:04:43]}
Kb4 {[%clk 0:04:21]} 54.e3 {[%clk 0:04:31]} Nc7 {[%clk 0:03:57]}
55.Nc6+ {[%clk 0:04:33]} Ka4 {[%clk 0:02:05]} 56.Kc3 {[%clk 0:02:53]}
Nb5+ {[%clk 0:01:30]} 57.Kc4 {[%clk 0:03:03]} Nd6+ {[%clk 0:01:27]}
58.Kc5 {[%clk 0:03:23]} Nb5 {[%clk 0:01:25]} 59.Kc4 {[%clk 0:02:44]}
Nd6+ {[%clk 0:01:42]} 60.Kc5 {[%clk 0:02:24]} Nb5 {[%clk 0:01:23]} 1-0

[Event "Russian Women's Higher League 2021"]
[Site "?"]
[Date "2021.07.04"]
[Round "8.11"]
[White "Solozhenkina, Elizaveta"]
[Black "Nasyrova, Ekaterina"]
[Result "1/2-1/2"]
[WhiteElo "2306"]
[BlackElo "2149"]
[Annotator ""]
[Source ""]
[Remark ""]

1.e4 {[%clk 1:30:57]} e5 {[%clk 1:30:49]} 2.Nf3 {[%clk 1:31:21]}
Nc6 {[%clk 1:31:09]} 3.Nc3 {[%clk 1:31:44]} Nf6 {[%clk 1:31:21]}
4.Bb5 {[%clk 1:32:07]} Bd6 {[%clk 1:31:28]} 5.d3 {[%clk 1:32:18]}
h6 {[%clk 1:31:04]} 6.a3 {[%clk 1:29:28]} Nd4 {[%clk 1:17:16]}
7.Nxd4 {[%clk 1:24:22]} exd4 {[%clk 1:17:36]} 8.Ne2 {[%clk 1:24:46]}
c6 {[%clk 1:15:16]} 9.Bc4 {[%clk 1:25:09]} Bc7 {[%clk 1:14:18]}
10.Bf4 {[%clk 1:06:24]} O-O {[%clk 1:12:26]} 11.O-O {[%clk 1:04:22]}
d5 {[%clk 1:08:41]} 12.exd5 {[%clk 0:55:05]} b5 {[%clk 1:04:50]}
13.Bb3 {[%clk 0:42:55]} c5 {[%clk 1:04:23]} 14.a4 {[%clk 0:42:05]}
b4 {[%clk 1:03:52]} 15.Bxc7 {[%clk 0:33:18]} Qxc7 {[%clk 1:04:13]}
16.Ng3 {[%clk 0:33:34]} Bg4 {[%clk 0:51:37]} 17.f3 {[%clk 0:28:04]}
Bd7 {[%clk 0:49:49]} 18.Ne4 {[%clk 0:28:27]} Ne8 {[%clk 0:49:41]}
19.Qe1 {[%clk 0:23:51]} Rc8 {[%clk 0:46:45]} 20.Qg3 {[%clk 0:12:59]}
Qd8 {[%clk 0:36:53]} 21.Nd6 {[%clk 0:11:36]} Nxd6 {[%clk 0:33:43]}
22.Qxd6 {[%clk 0:12:01]} Bf5 {[%clk 0:30:42]} 23.Qf4 {[%clk 0:06:31]}
Qd7 {[%clk 0:28:05]} 24.Rfe1 {[%clk 0:06:56]} Rfe8 {[%clk 0:26:33]}
25.Kf2 {[%clk 0:06:39]} g5 {[%clk 0:22:15]} 26.Qd2 {[%clk 0:05:03]}
Kg7 {[%clk 0:22:32]} 27.g3 {[%clk 0:03:23]} Bg6 {[%clk 0:20:09]}
28.Kg2 {[%clk 0:02:47]} f6 {[%clk 0:19:27]} 29.Rxe8 {[%clk 0:02:15]}
Rxe8 {[%clk 0:19:48]} 30.Re1 {[%clk 0:02:43]} Re7 {[%clk 0:18:22]}
31.Kf2 {[%clk 0:02:10]} Bf7 {[%clk 0:11:12]} 32.Re4 {[%clk 0:01:38]}
f5 {[%clk 0:10:18]} 33.Rxe7 {[%clk 0:01:40]} Qxe7 {[%clk 0:10:41]}
34.Qe2 {[%clk 0:01:05]} Qd6 {[%clk 0:10:22]} 35.Bc4 {[%clk 0:00:48]}
Kf6 {[%clk 0:10:09]} 36.b3 {[%clk 0:01:04]} h5 {[%clk 0:08:50]}
37.Kg1 {[%clk 0:00:48]} Kg6 {[%clk 0:02:40]} 38.Kf2 {[%clk 0:00:52]}
h4 {[%clk 0:02:15]} 39.Kg2 {[%clk 0:00:54]} Kf6 {[%clk 0:01:23]}
40.Qe1 {[%clk 0:30:36]} hxg3 {[%clk 0:31:02]} 41.hxg3 {[%clk 0:15:26]}
Bxd5 {[%clk 0:14:32]} 42.Bxd5 {[%clk 0:09:07]} Qxd5 {[%clk 0:14:53]}
43.Qe8 {[%clk 0:09:21]} g4 {[%clk 0:14:40]} 44.Qf8+ {[%clk 0:09:33]}
Kg6 {[%clk 0:14:22]} 1/2-1/2

[Event "Russian Women's Higher League 2021"]
[Site "?"]
[Date "2021.07.04"]
[Round "8.12"]
[White "Girya, Olga"]
[Black "Dimitrova, Aleksandra"]
[Result "0-1"]
[WhiteElo "2448"]
[BlackElo "2204"]
[Annotator ""]
[Source ""]
[Remark ""]

1.d4 {[%clk 1:30:59]} Nf6 {[%clk 1:30:52]} 2.c4 {[%clk 1:31:22]}
e6 {[%clk 1:31:17]} 3.Nf3 {[%clk 1:31:46]} b6 {[%clk 1:31:41]}
4.a3 {[%clk 1:31:48]} Ba6 {[%clk 1:31:41]} 5.Qb3 {[%clk 1:32:06]}
Be7 {[%clk 1:31:41]} 6.Bf4 {[%clk 1:32:01]} c5 {[%clk 1:27:03]}
7.d5 {[%clk 1:32:23]} exd5 {[%clk 1:25:21]} 8.cxd5 {[%clk 1:32:48]}
d6 {[%clk 1:25:27]} 9.Nc3 {[%clk 1:32:50]} O-O {[%clk 1:25:21]}
10.g3 {[%clk 1:31:06]} Re8 {[%clk 1:23:42]} 11.Bg2 {[%clk 1:30:15]}
Bf8 {[%clk 1:22:11]} 12.Qc2 {[%clk 1:28:05]} b5 {[%clk 1:12:08]}
13.b4 {[%clk 1:27:01]} Nbd7 {[%clk 1:11:16]} 14.O-O {[%clk 1:27:17]}
Rc8 {[%clk 1:05:52]} 15.Qd3 {[%clk 1:26:13]} Nb6 {[%clk 0:58:33]}
16.Nd2 {[%clk 1:06:10]} Bb7 {[%clk 0:45:16]} 17.Qxb5 {[%clk 0:30:21]}
Nfxd5 {[%clk 0:32:38]} 18.Nxd5 {[%clk 0:30:26]} Bxd5 {[%clk 0:33:05]}
19.e4 {[%clk 0:27:34]} Be6 {[%clk 0:31:27]} 20.Rac1 {[%clk 0:24:55]}
c4 {[%clk 0:22:52]} 21.Rfe1 {[%clk 0:15:00]} g6 {[%clk 0:19:37]}
22.Nf3 {[%clk 0:13:13]} Bg7 {[%clk 0:14:17]} 23.Rcd1 {[%clk 0:10:43]}
c3 {[%clk 0:07:41]} 24.Rxd6 {[%clk 0:10:26]} Qe7 {[%clk 0:07:25]}
25.e5 {[%clk 0:05:53]} Nc4 {[%clk 0:06:07]} 26.Rdd1 {[%clk 0:04:55]}
Rb8 {[%clk 0:04:45]} 27.Qc5 {[%clk 0:01:20]} Qxc5 {[%clk 0:03:37]}
28.bxc5 {[%clk 0:01:49]} Nxa3 {[%clk 0:03:23]} 29.Rc1 {[%clk 0:01:07]}
Nb5 {[%clk 0:02:47]} 30.Bf1 {[%clk 0:01:13]} Rec8 {[%clk 0:02:43]}
31.Bxb5 {[%clk 0:00:53]} Rxb5 {[%clk 0:03:11]} 32.Rxc3 {[%clk 0:00:43]}
Rbxc5 {[%clk 0:03:32]} 33.Ra3 {[%clk 0:00:37]} Rc3 {[%clk 0:03:21]}
34.Rea1 {[%clk 0:00:38]} Bd5 {[%clk 0:02:43]} 35.Rxc3 {[%clk 0:00:47]}
Rxc3 {[%clk 0:03:11]} 36.Nd4 {[%clk 0:00:46]} g5 {[%clk 0:02:30]}
37.Bd2 {[%clk 0:00:38]} Rd3 {[%clk 0:02:30]} 38.Nf5 {[%clk 0:00:33]}
Rxd2 {[%clk 0:02:22]} 39.Ne7+ {[%clk 0:00:50]} Kf8 {[%clk 0:02:35]}
40.Nxd5 {[%clk 0:31:15]} Rxd5 {[%clk 0:32:56]} 41.Rxa7 {[%clk 0:31:40]}
Bxe5 {[%clk 0:33:14]} 42.Ra2 {[%clk 0:31:39]} Kg7 {[%clk 0:33:19]}
43.Kg2 {[%clk 0:32:03]} Kg6 {[%clk 0:31:50]} 44.h4 {[%clk 0:30:30]}
gxh4 {[%clk 0:29:47]} 45.gxh4 {[%clk 0:30:53]} h5 {[%clk 0:30:10]} 0-1

[Event "Russian Women's Higher League 2021"]
[Site "?"]
[Date "2021.07.04"]
[Round "8.13"]
[White "Tokmakova, Ulyana"]
[Black "Kovanova, Baira"]
[Result "0-1"]
[WhiteElo "1887"]
[BlackElo "2318"]
[Annotator ""]
[Source ""]
[Remark ""]

1.Nf3 {[%clk 1:30:53]} Nf6 {[%clk 1:30:56]} 2.c4 {[%clk 1:30:57]}
e6 {[%clk 1:31:05]} 3.g3 {[%clk 1:30:48]} b6 {[%clk 1:31:01]}
4.Bg2 {[%clk 1:31:00]} Bb7 {[%clk 1:31:27]} 5.O-O {[%clk 1:30:54]}
Be7 {[%clk 1:31:27]} 6.b3 {[%clk 1:29:01]} O-O {[%clk 1:31:37]}
7.Bb2 {[%clk 1:29:06]} c5 {[%clk 1:31:17]} 8.Nc3 {[%clk 1:28:06]}
d6 {[%clk 1:30:39]} 9.Re1 {[%clk 1:26:23]} a6 {[%clk 1:30:21]}
10.e4 {[%clk 1:25:13]} Nbd7 {[%clk 1:28:38]} 11.d4 {[%clk 1:23:36]}
Qc7 {[%clk 1:24:45]} 12.e5 {[%clk 1:02:08]} dxe5 {[%clk 1:22:12]}
13.dxe5 {[%clk 1:02:33]} Ng4 {[%clk 1:21:00]} 14.h3 {[%clk 0:54:42]}
Nh6 {[%clk 1:16:55]} 15.Ne4 {[%clk 0:52:51]} Rad8 {[%clk 1:12:48]}
16.Qc2 {[%clk 0:52:14]} Nf5 {[%clk 1:09:25]} 17.g4 {[%clk 0:48:35]}
Nh4 {[%clk 1:02:32]} 18.Nxh4 {[%clk 0:43:40]} Bxh4 {[%clk 1:02:36]}
19.Qc3 {[%clk 0:42:38]} f6 {[%clk 1:02:15]} 20.exf6 {[%clk 0:41:04]}
Nxf6 {[%clk 0:56:43]} 21.Ng3 {[%clk 0:35:19]} Bxg2 {[%clk 0:41:33]}
22.Kxg2 {[%clk 0:35:27]} h5 {[%clk 0:33:26]} 23.Rxe6 {[%clk 0:27:44]}
hxg4 {[%clk 0:29:10]} 24.Nf5 {[%clk 0:25:43]} Nh5 {[%clk 0:25:31]}
25.Nxh4 {[%clk 0:13:58]} Nf4+ {[%clk 0:25:41]} 26.Kg1 {[%clk 0:12:19]}
Nxe6 {[%clk 0:25:10]} 27.Re1 {[%clk 0:12:02]} Nd4 {[%clk 0:23:50]}
28.hxg4 {[%clk 0:12:03]} Rde8 {[%clk 0:22:21]} 29.Rxe8 {[%clk 0:11:47]}
Rxe8 {[%clk 0:22:49]} 30.Nf3 {[%clk 0:11:30]} Ne2+ {[%clk 0:23:10]}
31.g5 0-1

[Event "Russian Women's Higher League 2021"]
[Site "?"]
[Date "2021.07.04"]
[Round "8.14"]
[White "Borisova, Ekaterina"]
[Black "Loskutova, Viktoriya"]
[Result "0-1"]
[WhiteElo "2304"]
[BlackElo "2188"]
[Annotator ""]
[Source ""]
[Remark ""]

1.e4 {[%clk 1:30:51]} c5 {[%clk 1:30:55]} 2.Nf3 {[%clk 1:31:17]}
d6 {[%clk 1:31:18]} 3.d4 {[%clk 1:31:44]} cxd4 {[%clk 1:31:44]}
4.Nxd4 {[%clk 1:32:11]} Nf6 {[%clk 1:32:07]} 5.Nc3 {[%clk 1:32:36]}
a6 {[%clk 1:32:30]} 6.g3 {[%clk 1:33:02]} e6 {[%clk 1:21:50]}
7.Bg2 {[%clk 1:33:01]} Be7 {[%clk 1:22:14]} 8.O-O {[%clk 1:32:02]}
O-O {[%clk 1:22:37]} 9.a4 {[%clk 1:32:19]} Qc7 {[%clk 1:18:24]}
10.Be3 {[%clk 1:29:39]} Nc6 {[%clk 1:17:44]} 11.Nde2 {[%clk 1:27:47]}
b6 {[%clk 1:12:59]} 12.h3 {[%clk 1:28:05]} Bb7 {[%clk 1:13:23]}
13.f4 {[%clk 1:28:23]} Rac8 {[%clk 1:08:58]} 14.Qe1 {[%clk 1:27:45]}
Nb4 {[%clk 0:49:43]} 15.Rc1 {[%clk 1:27:00]} e5 {[%clk 0:46:29]}
16.Qf2 {[%clk 1:26:40]} Nd7 {[%clk 0:40:36]} 17.f5 {[%clk 1:25:42]}
Bc6 {[%clk 0:36:02]} 18.g4 {[%clk 1:18:18]} Qb7 {[%clk 0:34:34]}
19.Rfd1 {[%clk 1:18:32]} Nf6 {[%clk 0:29:39]} 20.Ng3 {[%clk 1:18:52]}
d5 {[%clk 0:29:42]} 21.g5 {[%clk 1:04:26]} d4 {[%clk 0:25:33]}
22.gxf6 {[%clk 1:04:33]} dxe3 {[%clk 0:25:59]} 23.Qe2 {[%clk 0:59:56]}
Bxf6 {[%clk 0:25:09]} 24.Nd5 {[%clk 1:00:15]} Nxd5 {[%clk 0:18:43]}
25.exd5 {[%clk 1:00:39]} Bxa4 {[%clk 0:16:34]} 26.Ne4 {[%clk 0:58:10]}
Qe7 {[%clk 0:15:21]} 27.b3 {[%clk 0:53:30]} Bd7 {[%clk 0:15:27]}
28.Rf1 {[%clk 0:53:52]} g6 {[%clk 0:10:34]} 29.fxg6 {[%clk 0:52:14]}
fxg6 {[%clk 0:10:53]} 30.Qxe3 {[%clk 0:52:27]} Bf5 {[%clk 0:09:20]}
31.Qxb6 {[%clk 0:48:48]} Bxe4 {[%clk 0:05:20]} 32.Bxe4 {[%clk 0:49:14]}
Bg5 {[%clk 0:04:36]} 33.Rcd1 {[%clk 0:46:04]} Kg7 {[%clk 0:02:15]}
34.c4 {[%clk 0:44:40]} Rb8 {[%clk 0:01:17]} 35.Qe6 {[%clk 0:42:41]}
Rxf1+ {[%clk 0:00:46]} 36.Rxf1 {[%clk 0:42:34]} Rxb3 {[%clk 0:01:03]}
37.Qxe7+ {[%clk 0:37:01]} Bxe7 {[%clk 0:01:29]} 38.Ra1 {[%clk 0:37:23]}
Rb6 {[%clk 0:01:18]} 39.Kf2 {[%clk 0:36:25]} Bb4 {[%clk 0:01:06]}
40.Bd3 {[%clk 1:05:56]} Kf6 {[%clk 0:31:17]} 41.Ke3 {[%clk 1:06:14]}
Ke7 {[%clk 0:22:19]} 42.Ke4 {[%clk 1:06:05]} Kd6 {[%clk 0:21:45]}
43.Rf1 {[%clk 1:03:31]} Bc3 {[%clk 0:21:31]} 44.Rf7 {[%clk 1:01:54]}
h5 {[%clk 0:18:34]} 45.Rg7 {[%clk 0:57:04]} Kc5 {[%clk 0:18:31]}
46.Rc7+ {[%clk 0:57:29]} Kd6 {[%clk 0:18:57]} 47.Rc8 {[%clk 0:57:56]}
Bd4 {[%clk 0:19:03]} 48.h4 {[%clk 0:58:07]} Kd7 {[%clk 0:16:35]}
49.Rf8 {[%clk 0:58:01]} Ke7 {[%clk 0:15:57]} 50.Rg8 {[%clk 0:57:18]}
Rf6 {[%clk 0:14:38]} 51.Be2 {[%clk 0:57:29]} Kd7 {[%clk 0:07:28]}
52.Bd1 {[%clk 0:56:12]} Kd6 {[%clk 0:06:54]} 53.Rc8 {[%clk 0:56:10]}
Kd7 {[%clk 0:06:56]} 54.Ra8 {[%clk 0:56:05]} Rf4+ {[%clk 0:05:36]}
55.Kd3 {[%clk 0:56:31]} Rxh4 {[%clk 0:05:39]} 56.Ba4+ {[%clk 0:56:58]}
Kc7 {[%clk 0:05:57]} 57.Rxa6 {[%clk 0:57:22]} Rh3+ {[%clk 0:05:55]}
58.Ke2 {[%clk 0:57:45]} Rh2+ {[%clk 0:05:30]} 59.Kd1 {[%clk 0:58:01]}
Rh1+ {[%clk 0:04:03]} 60.Kc2 {[%clk 0:58:25]} Rh2+ {[%clk 0:04:01]}
61.Kd1 {[%clk 0:55:27]} Rh1+ {[%clk 0:04:13]} 62.Ke2 {[%clk 0:55:54]}
Rh2+ {[%clk 0:04:27]} 63.Kf1 {[%clk 0:56:19]} Rf2+ {[%clk 0:04:36]}
64.Ke1 {[%clk 0:56:44]} Rf8 {[%clk 0:03:03]} 65.Rxg6 {[%clk 0:57:06]}
Rd8 {[%clk 0:01:28]} 66.Rh6 {[%clk 0:56:38]} e4 {[%clk 0:01:15]}
67.Rxh5 {[%clk 0:56:49]} Kb6 {[%clk 0:01:08]} 68.Bb5 {[%clk 0:56:13]}
Kc5 {[%clk 0:01:18]} 69.Rh6 {[%clk 0:56:38]} Rg8 {[%clk 0:01:13]}
70.Rh2 {[%clk 0:56:08]} Ra8 {[%clk 0:01:29]} 71.Rh4 {[%clk 0:55:19]}
Ra1+ {[%clk 0:01:40]} 72.Kd2 {[%clk 0:55:26]} e3+ {[%clk 0:01:47]}
73.Kd3 {[%clk 0:52:39]} Ra3+ {[%clk 0:02:00]} 74.Kc2 {[%clk 0:51:37]}
Ra2+ {[%clk 0:01:32]} 75.Kb3 {[%clk 0:51:59]} Rb2+ {[%clk 0:01:17]}
76.Ka3 {[%clk 0:52:25]} e2 {[%clk 0:01:06]} 77.Re4 {[%clk 0:50:34]}
Rc2 {[%clk 0:00:49]} 78.d6 {[%clk 0:50:51]} Rc3+ {[%clk 0:01:11]}
79.Ka4 {[%clk 0:50:49]} Re3 {[%clk 0:01:35]} 80.Rxe3 {[%clk 0:50:38]}
Bxe3 {[%clk 0:02:00]} 81.d7 {[%clk 0:51:07]} e1Q {[%clk 0:02:17]} 0-1

[Event "Russian Women's Higher League 2021"]
[Site "?"]
[Date "2021.07.04"]
[Round "8.15"]
[White "Nur-Mukhametova, Alisa"]
[Black "Mikheeva, Galina"]
[Result "1-0"]
[WhiteElo "2233"]
[BlackElo "1838"]
[Annotator ""]
[Source ""]
[Remark ""]

1.c4 {[%clk 1:30:29]} Nf6 {[%clk 1:30:51]} 2.Nc3 {[%clk 1:26:53]}
e6 {[%clk 1:31:14]} 3.e4 {[%clk 1:26:58]} d5 {[%clk 1:31:40]}
4.e5 {[%clk 1:26:52]} d4 {[%clk 1:32:04]} 5.exf6 {[%clk 1:26:58]}
dxc3 {[%clk 1:32:28]} 6.bxc3 {[%clk 1:27:07]} Qxf6 {[%clk 1:32:50]}
7.d4 {[%clk 1:27:05]} b6 {[%clk 1:32:13]} 8.Be2 {[%clk 1:26:20]}
Bb7 {[%clk 1:31:48]} 9.Bf3 {[%clk 1:25:57]} Bxf3 {[%clk 1:31:43]}
10.Nxf3 {[%clk 1:25:46]} Nd7 {[%clk 1:31:20]} 11.Qa4 {[%clk 1:23:05]}
Bd6 {[%clk 1:23:45]} 12.Bg5 {[%clk 1:17:52]} Qf5 {[%clk 1:22:27]}
13.O-O {[%clk 1:14:12]} f6 {[%clk 1:19:18]} 14.Be3 {[%clk 1:11:13]}
Ke7 {[%clk 1:12:58]} 15.Rfe1 {[%clk 1:09:45]} Rhd8 {[%clk 1:01:27]}
16.Rad1 {[%clk 0:46:41]} g5 {[%clk 0:46:31]} 17.c5 {[%clk 0:32:26]}
Bf4 {[%clk 0:29:51]} 18.c6 {[%clk 0:28:25]} Nf8 {[%clk 0:26:48]}
19.d5 {[%clk 0:22:00]} Bxe3 {[%clk 0:19:17]} 20.Rxe3 {[%clk 0:21:41]}
Rxd5 {[%clk 0:15:02]} 21.Nd4 {[%clk 0:21:48]} Qg6 {[%clk 0:13:51]}
22.g3 {[%clk 0:20:45]} Rd6 {[%clk 0:10:51]} 23.Qa6 {[%clk 0:18:51]}
f5 {[%clk 0:07:01]} 24.Qb7 {[%clk 0:18:21]} Rad8 {[%clk 0:06:52]}
25.Qxc7+ {[%clk 0:16:49]} Kf6 {[%clk 0:07:13]} 26.Rde1 {[%clk 0:16:48]}
Qe8 {[%clk 0:05:06]} 27.Re5 {[%clk 0:15:24]} Qf7 {[%clk 0:03:50]}
28.Nxe6 {[%clk 0:08:31]} Nxe6 {[%clk 0:02:57]} 29.Rxf5+ {[%clk 0:08:54]}
Kxf5 {[%clk 0:03:10]} 30.Qxf7+ {[%clk 0:09:19]} 1-0

[Event "Russian Women's Higher League 2021"]
[Site "?"]
[Date "2021.07.04"]
[Round "8.16"]
[White "Khokhlova, Daria"]
[Black "Murashova, Ekaterina"]
[Result "0-1"]
[WhiteElo "2148"]
[BlackElo "2214"]
[Annotator ""]
[Source ""]
[Remark ""]

1.d4 {[%clk 1:30:59]} d5 {[%clk 1:30:56]} 2.Nf3 {[%clk 1:31:26]}
Nf6 {[%clk 1:31:21]} 3.e3 {[%clk 1:31:50]} Bf5 {[%clk 1:28:48]}
4.Nbd2 {[%clk 1:31:02]} e6 {[%clk 1:25:22]} 5.Be2 {[%clk 1:21:17]}
h6 {[%clk 1:24:46]} 6.b3 {[%clk 1:20:36]} Bb4 {[%clk 1:10:34]}
7.a3 {[%clk 1:18:26]} Ne4 {[%clk 1:08:55]} 8.O-O {[%clk 1:08:57]}
Nc3 {[%clk 1:02:03]} 9.Qe1 {[%clk 1:09:24]} Nxe2+ {[%clk 1:01:17]}
10.Qxe2 {[%clk 1:09:52]} Bd6 {[%clk 1:01:01]} 11.e4 {[%clk 1:03:14]}
dxe4 {[%clk 1:01:09]} 12.Nxe4 {[%clk 1:03:41]} Be7 {[%clk 0:57:03]}
13.Ng3 {[%clk 1:00:31]} Bh7 {[%clk 0:52:22]} 14.Qb5+ {[%clk 0:59:04]}
Nd7 {[%clk 0:51:22]} 15.Qxb7 {[%clk 0:58:16]} Bxc2 {[%clk 0:41:13]}
16.Bf4 {[%clk 0:57:40]} Qc8 {[%clk 0:41:40]} 17.Qxc8+ {[%clk 0:55:55]}
Rxc8 {[%clk 0:42:02]} 18.b4 {[%clk 0:55:46]} g5 {[%clk 0:40:59]}
19.Be3 {[%clk 0:55:19]} a6 {[%clk 0:27:05]} 20.Rac1 {[%clk 0:53:02]}
Ba4 {[%clk 0:20:20]} 21.d5 {[%clk 0:45:24]} O-O {[%clk 0:15:47]}
22.dxe6 {[%clk 0:45:07]} fxe6 {[%clk 0:16:16]} 23.Nd4 {[%clk 0:44:28]}
Bd6 {[%clk 0:14:10]} 24.Nxe6 {[%clk 0:42:01]} Rf6 {[%clk 0:14:14]}
25.Nc5 {[%clk 0:37:08]} Nxc5 {[%clk 0:14:39]} 26.Bxc5 {[%clk 0:36:59]}
Bxg3 {[%clk 0:14:43]} 27.hxg3 {[%clk 0:37:00]} Re6 {[%clk 0:13:44]}
28.f4 {[%clk 0:35:00]} gxf4 {[%clk 0:11:52]} 29.gxf4 {[%clk 0:35:22]}
Re2 {[%clk 0:12:10]} 30.Rf2 {[%clk 0:30:04]} Rce8 {[%clk 0:12:24]}
31.Rc3 {[%clk 0:27:27]} Rxf2 {[%clk 0:06:18]} 32.Kxf2 {[%clk 0:27:07]}
Rd8 {[%clk 0:05:57]} 33.Be3 {[%clk 0:26:26]} c6 {[%clk 0:06:16]}
34.g4 {[%clk 0:26:13]} Bb5 {[%clk 0:06:08]} 35.f5 {[%clk 0:25:22]}
h5 {[%clk 0:03:09]} 36.g5 {[%clk 0:21:23]} Rd5 {[%clk 0:03:38]}
37.f6 {[%clk 0:20:23]} Kf7 {[%clk 0:04:04]} 38.Rc1 {[%clk 0:13:18]}
Rf5+ {[%clk 0:03:03]} 39.Kg2 {[%clk 0:12:56]} Bd3 {[%clk 0:03:17]}
40.a4 {[%clk 0:35:56]} Be4+ {[%clk 0:33:30]} 41.Kh2 {[%clk 0:33:22]}
Bd5 {[%clk 0:31:39]} 42.b5 {[%clk 0:24:51]} axb5 {[%clk 0:31:56]}
43.a5 {[%clk 0:23:04]} Re5 {[%clk 0:30:20]} 44.Bf4 {[%clk 0:18:36]}
Re4 {[%clk 0:29:16]} 45.Bg3 {[%clk 0:11:20]} Re2+ {[%clk 0:20:15]}
46.Kh3 {[%clk 0:11:47]} Kg6 {[%clk 0:20:30]} 47.Bf4 {[%clk 0:11:07]}
Re4 {[%clk 0:19:20]} 48.Bc7 {[%clk 0:07:28]} Re3+ {[%clk 0:16:56]}
49.Kh2 {[%clk 0:07:31]} Re2+ {[%clk 0:15:11]} 50.Kg1 {[%clk 0:07:28]}
Ra2 {[%clk 0:12:05]} 51.Re1 {[%clk 0:02:23]} b4 {[%clk 0:11:37]}
52.Re7 {[%clk 0:02:00]} Bf7 {[%clk 0:12:02]} 53.Be5 {[%clk 0:01:07]}
Rxa5 {[%clk 0:11:34]} 0-1